| 000 | 00768nam a2200217 a 4500 | ||
|---|---|---|---|
| 005 | 20230926063605.0 | ||
| 008 | 121121s2007 mx r 000 0 spa d | ||
| 020 | _a9789685924283 | ||
| 035 | _aUPN01000188840 | ||
| 049 | _aCG | ||
| 050 | 4 |
_aLB2846 _bP7.6 |
|
| 245 | 0 | 0 |
_aPropuesta y experiencias para desarrollar un sistema nacional de indicadores educativos / _cFelipe Martínez Rizo ... [et al.]. |
| 260 |
_aMéxico : _bINEE, _c2007. |
||
| 300 |
_a280 p. : _bcuadros + _e1 CD-ROM 4 3/4 |
||
| 500 | _aEl CD-ROM solicítalo en el Mostrador de Préstamo | ||
| 650 | 2 |
_aIndicadores educativos _zMéxico _910099 |
|
| 650 | 4 |
_aEvaluación educativa _zMéxico _95996 |
|
| 700 | 1 |
_aMartínez Rizo, Felipe, _d1946- _ecoaut. _929172 |
|
| 905 | _aLibro | ||
| 999 |
_c160943 _d160943 |
||